International routes from London City Airport (LCY) - Statistics

General Stats
  • This quiz has been taken 16 times
  • The average score is 21 of 27
Answer Stats
Airline International Route Country % Correct
British Airways Barcelona Spain
100%
Air Dolomiti Frankfurt Germany
100%
British Airways Geneva Switzerland
100%
Swiss International Airlines Geneva Switzerland
100%
Luxair Luxembourg Luxembourg
100%
British Airways Milan-Linate Italy
100%
British Airways Nice France
100%
British Airways Zurich Switzerland
100%
Swiss International Airlines Zurich Switzerland
100%
British Airways Amsterdam Netherlands
92%
KLM Amsterdam Netherlands
92%
British Airways Dublin Ireland
92%
British Airways Madrid Spain
92%
British Airways Palma de Mallorca Spain
92%
British Airways Berlin Germany
85%
British Airways Faro Portugal
85%
British Airways Rotterdam Netherlands
85%
British Airways Split Croatia
85%
British Airways Florence Italy
77%
British Airways Malaga Spain
77%
British Airways Ibiza Spain
62%
British Airways San Sebastian Spain
62%
British Airways Olbia Italy
46%
British Airways Chambery France
31%
British Airways Skiathos Greece
31%
British Airways Toulon France
23%
British Airways Bergerac France
0%
No matching quizzes found
Score Distribution
Percent of People with Each Score
Percentile by Number Answered
Your Score History
You have not taken this quiz